Space Marine Trivia Warhammer 40.000 - Statistiken

Allgemein
  • Dieses Quiz wurde 76 mal gespielt
  • Das Durchschnittsergebnis liegt bei 11 aus 16
Antwortstatistiken
Hint Antwort % Korrekt
Häufige Waffe der Space Marines Bolter
96%
Orden gegründet von Roboute Guilliman Ultramarines
94%
Wie viele Legionen gründete der Imperator ursprünglich? 20
92%
Heimatwelt der Menschen Terra
92%
Leibgarde des Imperators Adeptus Custodes
82%
Wie viele Legionen gibt es aktuell? 18
80%
Synonym für Ketzerei Häresie
80%
Raubtierhafte Xenos Tyraniden
78%
Originale Bezeichnung der Space Marines Adeptus Astartes
76%
Kernsystem des Imperiums Sol
76%
Commander der Blood Angels Dante
69%
Titel eines übermenschlichen Heerführers Primarch
69%
Höchster Rang der Space Marines Chapter Master
53%
Oft genutztes Fahrzeug der Space Marines Land Raider
51%
Name des 666. Ordens der Space Marines Grey Knights
39%
Spitzname der Space Marines Todesengel
18%
Keine übereinstimmenden Quizze gefunden
Verteilung der Resultate
Anzahl Personen mit jedem Resultat
Perzentil nach korrekt beantworteten Fragen
Ihre Resultats-Entwicklung
Sie haben dieses Quiz noch nicht gespielt